00698nam a22001697a 4500003000400000005001700004008004100021020001500062040001200077082001700089100002800106245006500134260003400199300002200233520023600255650003700491OSt20260422155039.0260422b |||||||| |||| 00| 0 eng d a8171691633 cAACR-II a350.0078 STU aEdited by Sinha, P.S.N. aStudies in development administration: challenges and change aNew DelhibCommonwealthc2026 av.p. (6 vol. set) aDesign and development in Indian administration. The origins, design and evolution of public administration in India is a subject that is as engrossing as the development that has taken place in the country since times immemorial. aDevelopment administration-India